|
|
|
|
| LEADER |
01499nam a2200385 a 4500 |
| 001 |
EBC943330 |
| 003 |
MiAaPQ |
| 005 |
20200520144314.0 |
| 006 |
m o d | |
| 007 |
cr cn||||||||| |
| 008 |
120625s2012 enk sb 000 0 eng d |
| 020 |
|
|
|z 9781780527468
|
| 020 |
|
|
|a 9781780527475 (electronic bk.)
|
| 035 |
|
|
|a (MiAaPQ)EBC943330
|
| 035 |
|
|
|a (Au-PeEL)EBL943330
|
| 035 |
|
|
|a (CaPaEBR)ebr10571126
|
| 035 |
|
|
|a (CaONFJC)MIL367978
|
| 035 |
|
|
|a (OCoLC)796384598
|
| 040 |
|
|
|a MiAaPQ
|c MiAaPQ
|d MiAaPQ
|
| 050 |
|
4 |
|a HM499
|b .B44 2012
|
| 245 |
0 |
0 |
|a Behind the professional mask
|h [electronic resource] :
|b the autobiographies of leading symbolic interactionists /
|c edited by Norman K. Denzin ; special issue editor, Lonnie Athens ; managing editor, Ted Faust.
|
| 250 |
|
|
|a 1st ed.
|
| 260 |
|
|
|a Bingley, U.K. :
|b Emerald,
|c 2012.
|
| 300 |
|
|
|a vii, 238 p.
|
| 490 |
1 |
|
|a Studies in symbolic interaction,
|x 0163-2396 ;
|v v. 38
|
| 504 |
|
|
|a Includes bibliographical references.
|
| 533 |
|
|
|a Electronic reproduction. Ann Arbor, MI : ProQuest, 2015. Available via World Wide Web. Access may be limited to ProQuest affiliated libraries.
|
| 650 |
|
0 |
|a Symbolic interactionism.
|
| 655 |
|
4 |
|a Electronic books.
|
| 700 |
1 |
|
|a Denzin, Norman K.
|
| 700 |
1 |
|
|a Athens, Lonnie.
|
| 700 |
1 |
|
|a Faust, Ted.
|
| 710 |
2 |
|
|a ProQuest (Firm)
|
| 830 |
|
0 |
|a Studies in symbolic interaction ;
|v 38.
|
| 856 |
4 |
0 |
|u https://ebookcentral.proquest.com/lib/matrademy/detail.action?docID=943330
|z Click to View
|